Zaznacz tylko polskie banki - Statystyki

Ogólne statystyki
  • Ten quiz został rozwiązany 60 razy
  • Średni wynik to 3 z 9
Answers on the Grid
Answers color-coded by a green-red scale on the quiz's grid according to % correct below.
Alior
Bank Handlowy w Warszawie
BNP Paribas
BOŚ
BPH
BPS
Credit Agricole
Deutsche Bank
DNB
ING Bank Śląski
mBank
Millenium
Nest Bank
Nowy
Pekao
PKO
Plusbank
Pocztowy
Santander Bank
Santander Consumer
SGB
Toyota
Velo
 
Statystyki odpowiedzi
Odpowiedź % Poprawnych
Powszechny Zakład Ubezpieczeń Alior
63%
Skarb Państwa PKO
52%
Poczta Polska Pocztowy
44%
Narodowy Fundusz Ochrony Środowiska i Gospodarki Wodnej BOŚ
41%
Powszechny Zakład Ubezpieczeń Pekao
41%
banki spółdzielcze BPS
19%
banki spółdzielcze SGB
11%
Wielkopolska Spółdzielnia Nowa Nowy
7%
Santander Consumer Santander Consumer
0%
Nie znaleziono quizów pasujących do podanych kryteriów
Rozkład punktacji
Procent ludzi z każdym wynikiem
Percentyl według liczby udzielonych odpowiedzi
Twoja historia wyników
Nie rozwiązałeś tego quizu